000
00318nam a2200145Ia 4500
100
_a
Theraja/B.L.
942
_c
BK
654
_a
electronics
245
_a
Basic Electronics:Solid state
260
_b
S.Chand and Co
_a
New Delhi
_c
1988
082
_a
621.381
_b
THE
300
_a
1000
546
_a
ENGLISH
999
_c
32089
_d
32089